[Event "11th KIIT Festival 2018"]
[Site "Bhubaneswar"]
[Date "2018.05.31"]
[Round "9"]
[White "Visakh N R"]
[Black "Rajdeep Sarkar"]
[Result "1-0"]
[WhiteElo "2467"]
[BlackElo "2355"]
[Annotator "TA"]
[PlyCount "97"]
[EventDate "2018.??.??"]
[EventType "swiss"]
[EventCountry "IND"]
[SourceTitle "playchess.com"]
[Source "ChessBase"]
[SourceQuality "1"]

{[%evp 21,97,0,11,0,0,0,0,0,0,0,0,0,95,89,94,96,125,123,140,140,139,139,139,145,150,139,140,134,135,124,112,139,127,133,145,144,172,164,164,167,265,266,299,233,312,300,454,447,451,449,561,556,527,527,540,497,681,225,534,279,274,271,257,242,373,364,791,791,1687,1610,5057,5065,4944,4944,4813,1649,29997,29998]} 1. d4 d5 2. Nc3 c6 3. e4 dxe4 4. Nxe4 Bf5 5. Ng3 Bg6 6. h4 h6 7. Nf3 e6 8. h5 Bh7 9. Bd3 Bxd3 10. Qxd3 Nf6 11. Bd2 c5 {LiveBook: 204 Games} 12. dxc5 {B19: Classical Caro-Kann: 4...Bf5 main line} (12. Ne4 Nc6 13. Bc3 Nb4 14. Bxb4 cxb4 15. Nxf6+ gxf6 16. c4 Qc7 17. O-O Rg8 18. c5 O-O-O 19. a3 Qc6 {½-½ (51) Inarkiev,E (2680)-Artemiev,V (2701) Sharjah 2018}) 12... Qxd3 13. cxd3 Bxc5 14. Rc1 {The position is equal.} Nbd7 15. Ne4 Be7 16. Ke2 Nb6 $146 (16... Nd5 $11) ({Predecessor:} 16... Nd5 17. Nd4 N7f6 18. f3 Kd7 19. Nb3 b6 {½-½ (36) Doluhanova,E (2247)-Romanko,M (2399) Pushchino 2012}) 17. Rc7 $36 {[%mdl 2048] White is on the roll.} Rb8 {[#]} 18. Bf4 $1 Nxe4 19. dxe4 Na8 20. Rc3 Rd8 21. Be3 b6 22. Rhc1 O-O 23. Rc4 Bf6 24. e5 Be7 25. Ra4 Rd7 26. b3 Rb7 {[#]} 27. Nd4 $1 Nc7 28. Nc6 Nd5 29. Rxa7 Rxa7 30. Nxa7 Nxe3 (30... Ba3 $142) 31. fxe3 $18 {[%mdl 4096] Endgame KRB-KRN} ({Inferior is} 31. Kxe3 Bc5+ 32. Ke4 Ra8 $11) 31... Bc5 {intending ...Ra8.} 32. Nc6 Ra8 33. a4 {[%cal Ba2a4,Ba4a5][%mdl 32]} Bf8 (33... Kf8 {was necessary.} 34. b4 Be7) 34. Kd3 f6 35. exf6 gxf6 36. Kc4 Bc5 37. Rc3 Kf7 {[#]} 38. a5 $1 {[%mdl 512]} Rg8 (38... bxa5 39. Kxc5) 39. b4 $2 (39. a6) 39... Rg4+ $2 (39... Bxb4 40. Kxb4 bxa5+ 41. Nxa5 Rxg2 42. Rc7+ Kg8) 40. Kb5 Bxb4 41. Nxb4 bxa5 {KRN-KR} 42. Rc7+ Kf8 (42... Kg8 $142) 43. Nd3 Re4 $2 (43... e5 44. Nc5 Rxg2) 44. Nc5 Rxe3 45. Kc6 Kg8 46. Kd6 Rg3 47. Kxe6 {White wants to mate with Nd7.} Rxg2 48. Ne4 (48. Ra7 $142 Rg1 49. Nd7 Re1+ 50. Kxf6 Rf1+ 51. Kg6 Rg1+ 52. Kxh6) 48... Kf8 49. Rf7+ {Precision: White = 78%, Black = 32%.} 1-0

[Event "11th KIIT Festival 2018"]
[Site "Bhubaneswar"]
[Date "2018.05.31"]
[Round "9"]
[White "Karthik Venkataraman"]
[Black "Kravtsiv, Martyn"]
[Result "1-0"]
[WhiteElo "2457"]
[BlackElo "2655"]
[Annotator "TA"]
[PlyCount "66"]
[EventDate "2018.??.??"]
[EventType "swiss"]
[EventCountry "IND"]
[SourceTitle "playchess.com"]
[Source "ChessBase"]
[SourceQuality "1"]

{[%evp 24,66,33,25,19,26,28,0,0,0,0,0,0,-25,0,0,83,87,254,158,126,111,172,132,124,120,108,120,195,187,181,187,194,188,181,122,117,136,191,182,368,370,656,627,607]} 1. e4 e5 2. Nf3 Nc6 3. Bb5 {[%cal Bf1b5,Bb5a4,Ba4b3,Bb3a2][%mdl 32]} a6 4. Ba4 Nf6 5. O-O Be7 6. Re1 b5 7. Bb3 O-O 8. a4 b4 9. d3 d6 10. Nbd2 Na5 11. Ba2 c5 12. c3 Rb8 13. d4 {[#] LiveBook: 29 Games. C88: Closed Ruy Lopez: Anti-Marshall Systems} exd4 $146 ({Predecessor:} 13... Qc7 14. dxe5 dxe5 15. Nc4 Nxc4 16. Bxc4 bxc3 17. bxc3 a5 18. Qc2 Nd7 19. Be3 Nb6 20. Bf1 Be6 {½-½ (70) Bruzon Batista,L (2673)-Ipatov,A (2665) Saint Louis 2018}) 14. cxd4 Bb7 15. d5 (15. dxc5 $142 dxc5 16. e5) 15... Nd7 $11 16. Nb3 Nxb3 17. Bxb3 a5 18. Bf4 Ba6 19. Rc1 Rb6 (19... Rc8 $11) 20. e5 $16 {[%cal Be4e5,Be5d6][%mdl 32]} Rb8 $2 (20... Nxe5 $16 21. Nxe5 dxe5 22. Bxe5 Rg6) 21. exd6 Bf6 22. Qd2 Rc8 (22... Re8 $16) 23. Re4 Re8 24. Rxe8+ Qxe8 25. Re1 Qf8 {[#]} (25... Qd8 $16) 26. Ng5 $1 $18 {[%cal Rg5e6] Ne6! is the strong threat.} c4 27. Bc2 Bxg5 28. Bxg5 {Strongly threatening Re7.} Qxd6 29. Be7 (29. Bf5 $18) 29... c3 30. bxc3 $40 {[%mdl 128] White wants a kill.} (30. Bxd6 $2 cxd2 31. Re7 g6 $19) 30... bxc3 (30... Qc7 $16 {is a better defense.}) 31. Qg5 (31. Bxd6 $2 {too greedy.} cxd2 32. Re7 g5 $19) 31... Re8 $2 (31... h6 {was worth a try.}) 32. Re3 (32. Bxd6 $2 {is a self mate.} Rxe1#) ({Not} 32. Re6 Qb8 $16) 32... Qh6 $2 {[#]} (32... Qb6) 33. Bb4 $1 {[%mdl 512]} Rb8 {Precision: White = 87%, Black = 49%.} (33... axb4 34. Rxe8+) 1-0

[Event "11th KIIT Festival 2018"]
[Site "Bhubaneswar"]
[Date "2018.05.31"]
[Round "9"]
[White "Khusenkhojaev, Muhammad"]
[Black "Varshini, V."]
[Result "1-0"]
[WhiteElo "2456"]
[BlackElo "2129"]
[Annotator "TA"]
[PlyCount "139"]
[EventDate "2018.??.??"]
[EventType "swiss"]
[EventCountry "IND"]
[SourceTitle "playchess.com"]
[Source "ChessBase"]
[SourceQuality "1"]

{[%evp 21,139,8,66,19,16,17,10,14,25,21,22,12,11,24,9,25,18,0,0,-16,-18,-14,7,12,8,4,24,0,0,-34,-41,-60,0,-9,-3,0,0,-18,-8,-15,-9,-10,-3,-6,-3,-12,-4,-15,-16,-28,0,-6,0,0,0,-4,0,0,0,-46,-28,-25,-27,-41,0,-8,0,0,0,0,0,0,4,5,8,22,83,93,93,55,79,71,124,135,202,198,232,133,125,0,592,592,574,566,592,592,592,591,584,584,3746,4914,2517,2231,29961,8143,29959,29961,29981,5197,29984,29962,29988,29989,29991,29989,29992,29993,29993,29994]} 1. Nf3 d5 2. d4 Nf6 3. c4 e6 4. g3 Be7 5. Bg2 O-O 6. O-O dxc4 7. Qc2 a6 8. a4 Bd7 9. Qxc4 Bc6 10. Bg5 Nbd7 11. Nc3 Nd5 {LiveBook: 7 Partien. E05: Katalanisch} (11... h6 $11 12. Bxf6 Nxf6) (11... h6 12. Bxf6 Nxf6 13. Rfd1 Bd5 14. Qd3 Bxf3 15. Bxf3 c6 16. e3 a5 17. Rac1 Nd5 18. Ne4 Qb6 19. Qc2 Nb4 {½-½ (32) Zhao,J (2601)-Wang,Y (2690) China 2018}) 12. Bd2 N7b6 13. Qb3 Nxc3 {Die Stellung ist ausgeglichen.} 14. bxc3 a5 15. Ne5 $146 ({Vorgänger:} 15. Rfc1 Bf6 16. e3 Qd7 17. c4 Rfd8 18. Ne1 Bxg2 19. Kxg2 {½-½ (39) Vegjeleki,A (2252)-Vertongen,W (2254) ICCF email 2013}) 15... Bxg2 16. Kxg2 Qd5+ 17. Qxd5 exd5 18. Rfb1 Bd6 19. Nd3 Rfe8 20. Kf1 Nc4 $36 {[%mdl 2048] Schwarz kämpft um Vorteil.} 21. Ke1 b6 22. Nb2 Na3 23. Rc1 b5 24. axb5 Nxb5 25. Nd3 a4 26. Bf4 Bxf4 (26... Ba3 $15 27. Rc2 Be7) 27. gxf4 Reb8 28. e3 Nd6 29. Kd1 f6 30. Kc2 Nc4 31. Nb4 Rb5 32. Ra2 a3 33. Rca1 Kf7 34. Kb3 Re8 35. Kc2 Rg8 36. Kd3 Nb2+ 37. Ke2 Nc4 38. Kd3 Nb2+ 39. Ke2 Nc4 40. Kf3 Re8 (40... c5 {is more complex.} 41. dxc5 Rxc5 42. Nc2 Ra8 43. Ke2 Rb5) 41. Rxa3 Nxa3 42. Rxa3 $11 {[%mdl 4096] Endspiel KTT-KTS} Rd8 43. Ra7 Rd7 44. f5 Rb6 45. Ra8 g6 46. Kf4 Ke7 47. Rh8 Kd6 48. Re8 {[%csl Gf5][%cal Re8e6]} Rf7 (48... gxf5 $11 {bleibt in der Remisbreite.} 49. Kxf5 c6) 49. Re6+ $16 Kd7 50. Rxb6 cxb6 51. Nxd5 {KT-KS} Kc6 (51... b5 $142) 52. e4 b5 (52... Kb5 $16) 53. h4 $18 Kd7 {[#]} 54. Kg4 ({Günstiger ist} 54. h5 $1 $18 gxh5 55. e5 fxe5+ 56. dxe5) 54... Ke8 $16 55. f4 (55. f3 $16) 55... Kf8 $2 {[%mdl 8192] [#]} (55... h5+ $11 56. Kf3 gxf5) 56. fxg6 $1 $18 hxg6 57. f5 Kg7 58. fxg6 Kxg6 59. h5+ Kg7 60. Kf5 Rf8 {[#]} 61. h6+ $1 {[%mdl 512]} Kxh6 62. Nxf6 Kg7 63. e5 {[%cal Be4e5,Be5e6][%mdl 32]} Kf7 64. d5 {[%cal Bd4d5,Bd5d6][%mdl 32]} Rc8 65. Ne4 (65. e6+ $142 Kg7 66. e7 Kf7 67. e8=Q+ Rxe8 68. Nxe8 Ke7 69. d6+ Kd7 70. Ke5) 65... Ke7 66. e6 {Weiß setzt Matt.} Rc4 67. d6+ Kf8 68. Nf6 Rc5+ 69. Kg6 {[%csl Gd6][%cal Re6e7]} Re5 70. Nd7+ {Precision: Weiß = 63%, Schwarz = 35%.} 1-0

[Event "11th KIIT Festival 2018"]
[Site "Bhubaneswar"]
[Date "2018.05.31"]
[Round "9"]
[White "Neelotpal, Das"]
[Black "Aronyak Ghosh"]
[Result "1/2-1/2"]
[WhiteElo "2452"]
[BlackElo "2294"]
[Annotator "TA"]
[PlyCount "56"]
[EventDate "2018.??.??"]
[EventType "swiss"]
[EventCountry "IND"]
[SourceTitle "playchess.com"]
[Source "ChessBase"]
[SourceQuality "1"]

{[%evp 10,56,61,71,107,88,70,86,87,65,81,49,142,93,83,81,180,186,179,182,175,146,149,101,101,48,58,73,64,63,76,55,66,0,0,-5,8,-141,-60,-242,-62,-204,-37,-29,-24,-189,-212,-331,-337]} 1. e4 Nf6 2. e5 Nd5 3. d4 Nb6 4. Nf3 d5 (4... d6 5. Be2 Nc6 6. O-O g6 7. exd6 cxd6 8. d5 Ne5 9. Nxe5 dxe5 10. c4 Bg7 11. Nc3 O-O 12. c5 Nd7 13. Be3 {1-0 (40) Carlsen,M (2853)-Nakamura,H (2787) chess.com INT 2016}) 5. Nbd2 {[%cal Bb1d2,Bd2b3,Bb3c5][%mdl 32]} Bg4 6. h3 {LiveBook: 3 Games. B03: Alekhine's Defence: Four Pawns Attack} Bh5 $146 ({Predecessor:} 6... Bxf3 7. Qxf3 e6 8. Qg3 c5 9. dxc5 N6d7 10. Be2 Nc6 11. O-O Nd4 12. Bd3 Nxc5 13. c3 Nxd3 14. Qxd3 Nc6 15. Nf3 {½-½ (15) Sahl,B (2415)-Westerinen,H (2425) Torshavn 1997}) 7. g4 Bg6 8. e6 $1 {White is slightly better.} f6 9. Nb3 Qd6 10. Nc5 Nc6 (10... Nc4 $1 $14) 11. c3 Nd8 12. Qe2 {Black must now prevent Nh4.} Nc8 (12... Nc4 $16) 13. Nh4 $18 b6 14. Nxg6 hxg6 {[#]} 15. Qc2 $1 {[%cal Rc2g6]} f5 16. Na6 Qxe6+ 17. Be2 (17. Be3 $16 Qd7 18. c4 dxc4 19. Bxc4 (19. Qxc4 c6 $11)) 17... Qd7 $14 18. Bf4 {[%mdl 1024] White has compensation.} Nd6 19. O-O-O Rc8 20. Kb1 e6 21. h4 (21. Nb4 $1 $14) 21... Ne4 $1 $11 22. Be3 Bd6 23. Bc1 (23. Bd3 $11) 23... Nf7 (23... Nxf2 $2 24. gxf5 Nxd1 25. fxe6) ({Black should try} 23... c5 $17 24. dxc5 bxc5) 24. Rdg1 $2 {[#]} (24. Bf3 $15) 24... Kf8 $2 ({Black should play} 24... Nxf2 $19 {Hoping for ...Kf8.} 25. h5 c6) 25. h5 (25. Bd3 $15) 25... gxh5 $2 (25... Nxf2 $19 26. Bd3 Nxh1 27. Rxh1 Be7) 26. gxf5 $15 exf5 {aiming for ...c5.} 27. f3 $2 (27. Rxh5 $11 Rxh5 28. Bxh5) 27... Ng3 $19 28. Rxg3 (28. Rh2 {was necessary.}) 28... Bxg3 {[%mdl 32768] Precision: White = 36%, Black = 36%. . An unexpected result.} 1/2-1/2

[Event "11th KIIT Festival 2018"]
[Site "Bhubaneswar"]
[Date "2018.05.31"]
[Round "9"]
[White "Nitin, S.."]
[Black "Rahman, Md. Taibur"]
[Result "1-0"]
[WhiteElo "2432"]
[BlackElo "2234"]
[Annotator "TA"]
[PlyCount "79"]
[EventDate "2018.??.??"]
[EventType "swiss"]
[EventCountry "IND"]
[SourceTitle "playchess.com"]
[Source "ChessBase"]
[SourceQuality "1"]

{[%evp 11,79,27,35,18,18,18,18,27,18,18,19,20,22,-10,0,14,33,16,31,27,58,41,64,64,105,101,88,76,84,89,125,62,52,80,62,0,124,25,114,94,86,72,90,87,113,122,197,179,197,211,202,202,205,183,270,272,281,281,268,268,460,454,436,452,433,341,364,321,1399,1272]} 1. e4 c5 2. Nf3 Nc6 3. d4 cxd4 4. Nxd4 e6 5. Nc3 Qc7 6. Be3 Nf6 7. Qf3 {B48: Sicilian: Taimanov: 5 Nc3 Qc7 6 Be3 a6 without Be2} a6 8. O-O-O Nxd4 (8... Ne5 9. Qg3 b5 10. a3 Bb7 11. Bxb5 Rc8 12. Ba4 Nxe4 13. Nxe4 Bxe4 14. Bf4 Qc4 15. Bxe5 Qxa4 {1-0 (38) Vachier Lagrave,M (2789)-Anand,V (2776) Karlsruhe/Baden-Baden 2018}) 9. Bxd4 {Threatens to win with e5.The position is equal.} e5 10. Qg3 d6 11. Be3 Be6 12. f3 Rc8 {White must now prevent ...d5.} 13. Qf2 b5 14. Kb1 Qc6 $146 ({Predecessor:} 14... Qb7) 15. Qd2 Be7 16. g4 {[%cal Bg2g4,Bg4g5,Bg5g6][%mdl 32]} O-O 17. g5 Nd7 18. Nd5 Bxd5 19. exd5 Qb7 20. h4 Bd8 21. h5 ({White should try} 21. Bh3 $16) 21... Bb6 $14 {[#]} 22. g6 $1 {[%mdl 512]} Bxe3 ({Wrong is} 22... hxg6 $2 23. Bxb6 Nxb6 24. hxg6 $18) (22... fxg6 23. Bxb6) 23. Qxe3 ({White should play} 23. gxh7+ $1 $14 Kh8 24. Qxe3) 23... Qb6 {[#]} ({And not} 23... hxg6 24. hxg6 fxg6 25. Bh3 $18) (23... h6 $11 {remains equal.}) 24. Qd2 ({Better is} 24. gxf7+ $1 $16 Rxf7 25. Qxb6 Nxb6 26. Bh3) 24... Qd4 (24... h6 $11) 25. Qxd4 exd4 26. Bh3 Rc7 27. Rxd4 Ne5 28. f4 $36 {[%mdl 2048] Black is under strong pressure.} Nc4 (28... Nd7 $16 29. Re1 Nf6) 29. Re1 Rd8 30. gxf7+ Kxf7 31. Be6+ Kf6 32. Rd3 Nb6 (32... b4 $142 33. Kc1 Rf8) 33. Rg3 $18 Rc4 34. Reg1 Rxf4 35. Rxg7 {Hoping for Rf7+.} Ke5 $2 (35... Rf1+ 36. Rxf1+ Kxg7 37. Rf7+ Kh6) 36. Re1+ Kd4 37. b3 Rdf8 {Now ...Rf1 and Black clings on.} 38. Kb2 Rf1 39. Rg4+ R8f4 $2 (39... R1f4 40. Rd1+ Ke5 41. Rg5+ Kf6) 40. Rxf1 {Precision: White = 66%, Black = 29%.} 1-0

[Event "11th KIIT Festival 2018"]
[Site "Bhubaneswar"]
[Date "2018.05.31"]
[Round "9"]
[White "Viani Antonio Dcunha"]
[Black "Arpita, Mukherjee"]
[Result "1-0"]
[WhiteElo "2424"]
[BlackElo "2115"]
[Annotator "TA"]
[PlyCount "69"]
[EventDate "2018.??.??"]
[EventType "swiss"]
[EventCountry "IND"]
[SourceTitle "playchess.com"]
[Source "ChessBase"]
[SourceQuality "1"]

{[%evp 20,69,33,30,35,23,45,52,43,41,36,0,0,7,20,29,52,12,15,0,13,21,26,-6,7,-12,0,-31,-39,-25,-33,-51,0,0,0,0,0,0,0,0,643,637,642,642,593,580,1571,1454,1256,1095,29987,29988]} 1. e4 c5 2. Nf3 d6 3. d4 cxd4 4. Qxd4 Nc6 5. Bb5 Bd7 6. Bxc6 Bxc6 7. Nc3 e5 8. Qd3 h6 9. O-O Nf6 {B53: Sicilian: 2...d6: Lines with Qxd4} 10. Nd2 Be7 11. Nc4 {LiveBook: 14 Games} b5 {[%cal Bb7b5,Bb5b4][%mdl 32] White has an edge.} 12. Ne3 b4 13. Ncd5 Nxd5 14. Nxd5 Bxd5 {[#]} 15. exd5 $146 ({Predecessor:} 15. Qxd5 O-O 16. Be3 Qc8 17. Rfc1 {½-½ (36) Zelcic,R (2503)-Tiviakov,S (2603) Ohrid 2001}) 15... O-O 16. a3 bxa3 17. Rxa3 f5 18. Be3 a5 19. Rfa1 e4 20. Qd2 Bf6 21. Bd4 f4 22. Re1 Re8 23. Ra4 Qd7 24. b3 {[#] Hoping for Bxf6.} Bxd4 25. Qxd4 f3 (25... Re5 $1 $15) 26. h3 $1 $11 ({Wrong is} 26. Rxe4 $2 Rxe4 27. Qxe4 Re8 $19) 26... fxg2 27. Kxg2 Rac8 28. Rxe4 Rxc2 29. Rxa5 Qd8 $2 {[%mdl 8192]} (29... Rxf2+ $11 30. Qxf2 (30. Kxf2 Qf5+ 31. Rf4 Qxh3 $11) 30... Rxe4) 30. Ra7 $18 {[%csl Ga7][%cal Rd4g7] [#]} Re5 31. Rxe5 dxe5 32. Qxe5 {[%csl Ga7][%cal Re5g7]} Qf8 33. Qe6+ Kh8 34. Rf7 Qc5 35. Qe5 {Precision: White = 57%, Black = 32%.} 1-0

[Event "11th KIIT Festival 2018"]
[Site "Bhubaneswar"]
[Date "2018.05.31"]
[Round "9"]
[White "Pranav, V."]
[Black "Sandipan, Chanda"]
[Result "0-1"]
[WhiteElo "2315"]
[BlackElo "2573"]
[Annotator "TA"]
[PlyCount "98"]
[EventDate "2018.??.??"]
[EventType "swiss"]
[EventCountry "IND"]
[SourceTitle "playchess.com"]
[Source "ChessBase"]
[SourceQuality "1"]

{[%evp 17,97,-13,0,-6,-20,-9,4,0,0,0,0,0,1,0,0,0,22,18,27,22,39,0,14,-9,-11,-10,0,0,0,-8,-7,-19,-12,-16,-20,-29,11,-17,0,-46,-49,-45,-63,-148,-78,-72,-57,-423,-416,-414,-420,-404,-388,-1071,-497,-659,-657,-1398,-1340,-1277,-1235,-1976,-2115,-12840,-12835,-12841,-12841,-12842,-12842,-12843,-12843,-12843,-12843,-29995,-29996,-29996,-29997,-29997,-29998,-29998,-29999,-29999]} 1. e4 c5 2. Nf3 d6 3. c3 Nf6 4. Bd3 Bg4 5. h3 Bh5 6. Bc2 Nc6 7. d3 e6 8. Nbd2 Be7 {B50: Sicilian: 2...d6, Miscellaneous} 9. Qe2 Qc7 {LiveBook: 8 Games} 10. g4 Bg6 {The position is equal.} 11. Nh4 Nd7 12. Nxg6 $146 ({Predecessor:} 12. Ndf3 Nde5 13. Nxe5 dxe5 14. g5 O-O-O 15. Bd2 Kb8 {1-0 (78) Duda,J (2645)-Gajewski,G (2646) Germany 2016}) 12... hxg6 13. Nf3 Nde5 14. Nxe5 dxe5 15. g5 Rh4 16. Qf3 Bd6 17. Qg3 Rh7 18. Be3 Ke7 19. Bd1 Qb6 20. b3 Qa5 $36 {[%mdl 2048] Black is more active.} 21. Bd2 Qa3 22. Bc1 Qa5 23. Bb2 b5 24. a3 Qb6 25. b4 a5 {[%cal Ra5b4]} 26. bxc5 Bxc5 27. Bg4 Rd8 28. O-O f5 29. gxf6+ $1 gxf6 30. Rac1 {[#]} (30. Rfd1 $15) 30... f5 (30... Rdh8 $142 $1 31. d4 Bd6) 31. Bf3 $17 Rxd3 {...f4 is the strong threat.} 32. Qxg6 $4 {[%mdl 8192]} ({Better is} 32. Rcd1 $15 Rxd1 33. Rxd1) 32... Rxh3 $19 33. Qg7+ Kd6 {[%cal Be7d6,Bd6c7,Bc7b6][%mdl 32]} 34. Bg2 Rhg3 35. Qf7 $2 (35. Qh8 f4 36. Rcd1) 35... f4 (35... Qd8 $142 36. Rfd1 {[#]} Bxf2+ $1 {[%mdl 512]} 37. Kxf2 Qg5 38. Rxd3+ Rxd3) 36. Kh2 {[#]} Qd8 $1 {[%mdl 512]} 37. Qh5 Rg5 38. Qh6 Kc7 39. c4 Rg4 {[%cal Bg5g4,Bg4h4,Bh4h6][%mdl 32]} 40. cxb5 Rh4+ 41. Kg1 Rxh6 42. Rxc5 Rg6 43. Bxe5+ Kb6 {( -> ...Rxg2+!)} 44. Rxc6+ Kxb5 45. Rc7 {[#]} Rxg2+ $1 {Black mates.} 46. Kxg2 Qg5+ 47. Kh2 Qh5+ 48. Kg2 Qg4+ 49. Kh2 Rh3# {Precision: White = 35%, Black = 64%.} 0-1

[Event "11th KIIT Festival 2018"]
[Site "Bhubaneswar"]
[Date "2018.05.31"]
[Round "9"]
[White "Rathanvel, V S"]
[Black "Tukhaev, Adam"]
[Result "1/2-1/2"]
[WhiteElo "2292"]
[BlackElo "2551"]
[Annotator "TA"]
[PlyCount "122"]
[EventDate "2018.??.??"]
[EventType "swiss"]
[EventCountry "IND"]
[SourceTitle "playchess.com"]
[Source "ChessBase"]
[SourceQuality "1"]

{[%evp 23,122,7,2,-6,14,2,29,6,6,6,41,36,36,20,20,27,39,34,34,16,46,0,10,6,14,6,8,0,22,0,22,0,0,0,0,0,0,0,0,0,0,0,0,0,0,0,0,0,0,0,0,0,0,0,0,0,0,0,0,0,0,0,0,0,0,0,0,0,0,0,0,0,0,0,0,0,0,0,0,0,0,0,0,0,0,0,0,-8,-8,-8,-8,-8,-8,-8,-8,-8,-8,-8,-8,-8,-8]} 1. e4 c5 2. Nf3 d6 3. d4 cxd4 4. Nxd4 Nf6 5. Nc3 a6 6. Be2 g6 7. Be3 Bg7 8. Qd2 Nc6 9. O-O O-O 10. f4 Bd7 11. Rad1 Rc8 {B73: Sicilian Dragon: Classical System without 9 Nb3} 12. Nxc6 Bxc6 {LiveBook: 7 Games} 13. Bd4 $146 ({Predecessor:} 13. Bf3 Qc7 14. Rf2 b5 15. Nd5 Bxd5 16. exd5 Nd7 17. c3 Nb6 18. Bd4 Bxd4 19. Qxd4 Qc5 20. Qxc5 Rxc5 {½-½ (20) Marcinkiewicz,J (2441)-Demian,V (2477) ICCF email 2003}) 13... Nd7 14. Bg4 b5 15. a3 Bxd4+ 16. Qxd4 f5 17. exf5 gxf5 18. Bf3 {[#] Strongly threatening Bxc6.} Qb6 19. Nd5 Qxd4+ 20. Rxd4 Rf7 21. Ne3 Nc5 22. h3 Bxf3 {The position is equal.} 23. Rxf3 Rc6 24. Rf1 h5 25. Rfd1 Ne6 26. Rb4 Nc7 27. Rbd4 h4 28. c3 Kh7 29. a4 Kg6 30. Kf2 bxa4 31. Rxa4 Rb6 32. b4 Rc6 33. c4 e6 34. Ra5 Kf6 35. c5 (35. Kf3 {feels hotter.} Rg7 36. Rd3 Rg3+ 37. Ke2 Ke7 38. Ra4) 35... dxc5 36. Rxc5 Rxc5 37. bxc5 $11 {[%mdl 4096] Endgame KRN-KRN} Nb5 38. Ra1 Rc7 39. Rxa6 Rxc5 40. Ra5 Kg6 41. Ra8 Nd6 42. Rh8 Ne4+ 43. Kf3 Rb5 44. Rxh4 Rb2 {[%csl Ge4][%cal Rb2f2]} 45. Nc4 $1 {[%cal Rc4b2]} Rf2+ 46. Ke3 Rxg2 47. Rh8 {Black must now prevent Rg8+.} Kg7 48. Rb8 Nf6 49. Rb7+ Kh6 50. Re7 Nd5+ 51. Kf3 Rg6 52. Re8 Kg7 53. Ne5 Rh6 54. Kg3 Rh8 55. Rxe6 Rxh3+ 56. Kxh3 Nxf4+ 57. Kg3 Nxe6 {KN-KN} 58. Nd3 Kf6 59. Kf3 Kg5 60. Kg3 f4+ {[#]} 61. Nxf4 $1 {[%mdl 512]} Nxf4 {Precision: White = 61%, Black = 72%.} 1/2-1/2

[Event "11th KIIT Festival 2018"]
[Site "Bhubaneswar"]
[Date "2018.05.31"]
[Round "9"]
[White "Jayakumaar S"]
[Black "Nguyen, Van Huy"]
[Result "1-0"]
[WhiteElo "2276"]
[BlackElo "2462"]
[Annotator "TA"]
[PlyCount "84"]
[EventDate "2018.??.??"]
[EventType "swiss"]
[EventCountry "IND"]
[SourceTitle "playchess.com"]
[Source "ChessBase"]
[SourceQuality "1"]

{[%evp 9,84,10,16,-1,14,-6,27,25,33,3,12,-53,-54,-56,-57,-60,-71,-53,-68,-160,-152,-199,-203,-164,-171,-179,-183,-232,-231,-222,-220,-211,-188,-209,-208,-256,-248,-312,-243,-229,-204,-201,-205,-227,-227,-234,-223,-297,-284,-389,-344,-330,-335,-339,-308,-512,-512,-512,-512,-503,-518,-570,-569,-526,-472,-522,-522,-703,-700,-675,-675,-941,-926,-970,-687,-664,-664]} 1. Nf3 Nf6 2. b3 d5 3. Bb2 Bg4 4. e3 Nbd7 5. d4 (5. h3 Bxf3 6. Qxf3 c6 7. d3 e5 8. Nd2 Bd6 9. g3 Qe7 10. a3 O-O 11. Bg2 Rfe8 12. O-O Rad8 13. Qe2 {1-0 (65) Cheparinov,I (2689)-Mchedlishvili,M (2601) Doha 2016}) 5... e6 {LiveBook: 24 Games} 6. h3 {A06: Réti Opening:1 Nf3 d5} Bh5 7. Bd3 Be7 8. Nbd2 {White has an edge.} O-O 9. Qe2 c5 $146 ({Predecessor:} 9... Bd6 10. g4 Bg6 11. Ne5 Bxd3 12. Qxd3 Qe7 13. f4 Ba3 14. O-O-O a5 15. c3 Rfb8 {0-1 (60) Braun,M (1901)-Mueller,F (2034) Eckernfoerde 2016}) 10. e4 ({Better is} 10. O-O $11) 10... dxe4 $15 11. Nxe4 cxd4 12. g4 Qa5+ 13. Kf1 Bg6 14. Nxd4 (14. Nxf6+ $15 Bxf6 15. Bxg6 hxg6 16. Bxd4) 14... Ne5 $17 15. f4 Nxd3 16. cxd3 Qd5 {Threatens to win with ...Bc5.} 17. Re1 Bb4 18. Kf2 Bxe1+ 19. Rxe1 Bxe4 20. dxe4 Qc5 21. Kg3 Rfd8 22. Nf3 Rac8 23. Rc1 Qe7 24. Re1 Ne8 {[%cal Bf6e8,Be8d6,Bd6b5,Bb5c3][%mdl 32]} 25. Bd4 Qc7 26. Qe3 b6 27. Re2 Qc1 28. Rd2 Nd6 29. Kh4 Qc6 30. Re2 Nb5 31. Bb2 Qc5 32. a4 $2 {[#]} (32. g5) 32... Nc3 $19 {Black is clearly winning.} 33. Qxc5 Rxc5 34. Re1 f6 35. e5 Rd3 36. Rf1 h6 37. exf6 gxf6 {[%cal Bg7f6,Bf6g5][%mdl 32]} 38. g5 hxg5+ 39. fxg5 Rf5 40. Nh2 fxg5+ 41. Kg4 Rxf1 42. Nxf1 Ne4 {[%mdl 32768] Precision: White = 22%, Black = 81%. . Loss on Time!?} 1-0